| 000 | 01645nam a2200469 i 4500 | ||
|---|---|---|---|
| 001 | 11328 | ||
| 003 | KOSZ 005 | ||
| 005 | 20240405063006.0 | ||
| 008 | 070913s1968 pl ab |000 0 pol | ||
| 015 | _aUWD 1968/9169 | ||
| 035 | _a991036511879705066 | ||
| 035 | _a(PL-WaBN)b19805470-48omnis_nlop | ||
| 035 | _ab19805470 | ||
| 035 | _a(OCoLC)839158163 | ||
| 035 | _a(PL)b0000001980547 | ||
| 035 | _a(EXLNZ-48OMNIS_NETWORK)9910420062905606 | ||
| 040 |
_aWA N _cWA N _dWA N _dKOSZ 005/HR |
||
| 046 | _k1968 | ||
| 080 | _a69(438) | ||
| 080 | _a72(438) | ||
| 080 | _a(084.1) | ||
| 245 | 0 | 0 |
_aBudownictwo i architektura w Polsce : _b1945-1966 : praca zbiorowa / _cpod red. J. Zachwatowicza ; [aut. Juliusz Dumnicki et al. ; układ graf. Zenon Januszewski]. |
| 260 |
_aWarszawa : _bInterpress, _c1968. |
||
| 300 |
_a112, [4] s., [18] k. tabl. : _bil., mapy ; _c18 cm. |
||
| 336 |
_aTekst _btxt _2rdacontent |
||
| 337 |
_aBez urządzenia pośredniczącego _bn _2rdamedia |
||
| 338 |
_aWolumin _bnc _2rdacarrier |
||
| 380 | _aKsiążki | ||
| 388 | _a1901-2000 | ||
| 388 | _a1945-1989 | ||
| 648 | 7 |
_a1901-2000 _2DBN |
|
| 648 | 7 |
_a1945-1989 _2DBN |
|
| 650 | 7 |
_aBudownictwo _2DBN |
|
| 655 | 7 | _aArchitektura polska | |
| 658 | _aArchitektura i budownictwo | ||
| 700 | 1 |
_aDumnicki, Juliusz. _d(1909-1992) _eAutor |
|
| 700 | 1 |
_aJanuszewski, Zenon _d(1929-1983) _eIlustracje |
|
| 700 | 1 |
_aZachwatowicz, Jan _d(1900-1983) _eRedakcja |
|
| 856 |
_uhttp://koha.tu.koszalin.pl/cgi-bin/koha/opac-detail.pl?biblionumber=11328 _yKatalog online BPK |
||
| 942 |
_2UKD _cKS |
||
| 999 |
_c11328 _d11328 |
||